| 000 | 00914cam a2200193 4500 | ||
|---|---|---|---|
| 001 | WB3844-20 | ||
| 008 | 021128n2002 000 0 eng u | ||
| 035 | _a(Sirsi) u120618 | ||
| 245 | _aCountryside to open up for recreation | ||
| 260 | _c2002 | ||
| 490 |
_aDEFRA News Release _v(489/02) 28 November 2002, (2) |
||
| 520 | _aRural affairs minister has announced of Countryside and Rights of Way Act 2000 Part 1 is to be introduced region by region to give walkers right of access to open countryside and registered common land in a rolling programme. All areas affected will be accessible by end of 2005. Further information is available from t +44 (0)845 100 3298 or www.countryside.gov.uk/access/mapping www.defra.gov.uk/news/2002/021128e.htm | ||
| 590 | _aWB | ||
| 650 | _aCOUNTRYSIDE AND RIGHTS OF WAY ACT 2000 | ||
| 650 | _aOPEN LAND | ||
| 650 | _aCOMMON LAND | ||
| 690 |
_aRural _96268 |
||
| 942 | _n0 | ||
| 999 |
_c71673 _d71673 |
||